| 000 | 00400nam a2200169Ia 4500 | ||
|---|---|---|---|
| 008 | 230718s9999 xx 000 0 und d | ||
| 041 | _aeng | ||
| 082 |
_a658.4'034 _bICF |
||
| 100 | _aICFAI | ||
| 245 | _aOperations Management | ||
| 250 | _a3rd | ||
| 260 |
_c2003 _bICFAI University |
||
| 300 | _a329 | ||
| 365 |
_cRs. _b250.00 |
||
| 700 | _aICFAI | ||
| 906 |
_dB:107080031709-Jul-2007 _cOTH _b50 |
||
| 999 |
_c317283 _d317283 |
||